| 000 | 00637cam a22002291 4500 | ||
|---|---|---|---|
| 001 | ne 63001656 | ||
| 003 | DLC | ||
| 005 | 20260227111749.0 | ||
| 008 | 950531s1960 xx 000 0 arao | ||
| 010 | _ane 63001656 | ||
| 025 | _aPL480:UAR-1376 | ||
| 035 | _a(OCoLC)32577254 | ||
| 040 |
_aDLC _cCU _dCU _dDLC |
||
| 042 | _apremarc | ||
| 050 | 0 | 0 |
_aPJ6101 _b.I19 1960 |
| 100 | 2 |
_aIbn Hishām, ʻAbd Allāh ibn Yūsuf, _d1309-1360. |
|
| 245 | 1 | 3 | _aal-Ifādah min ḥāshiyatay al-Amīr wa-ʻUdādah. |
| 260 | _c[1960] | ||
| 300 |
_a390 p. _c24 cm. |
||
| 650 | 0 |
_aArabic language _xGrammar. |
|
| 700 | 1 | _aKīlānī, Muḥammad Sayyid. | |
| 999 |
_c46183 _d46183 |
||